000 00772nam a2200241Ia 4500
003 OSt
005 20220923222255.0
006 a|||||r|||| 00| 0
007 ta
008 220922b |||||||| |||| 00| 0 mar d
024 _a204,178
037 _cTextual
040 _aARTS
_cARTS
_bmar
041 _2mar
_amar
082 _aO155,2vN, 152J7
100 _aवरेरकर, भा वि; केलकर, रमेश, अनु.
_9166540
245 0 _aकोरी करामज्ञत
246 _aKorī karāmagnata
260 _c1957
650 _aमराठी साहित्य
942 _hO155,2vN, 152J7
_cTEXL
_2CC
999 _c354927
_d354927